[Event "PHI-ch (Women)"]
[Site "Tagaytay City"]
[Date "2010.06.01"]
[Round "9"]
[White "Suede, Mikee Charlene"]
[Black "Bernales, Christy Lamiel"]
[Result "0-1"]
[WhiteElo "1949"]
[BlackElo "2043"]
[PlyCount "70"]
[EventDate "2010.05.25"]
[EventType "tourn"]
[EventRounds "11"]
[EventCountry "PHI"]
[SourceTitle "CBM 136 Extra"]
[Source "ChessBase"]
[SourceDate "2010.07.02"]
[SourceVersion "2"]
[SourceVersionDate "2010.07.15"]
[SourceQuality "1"]

1. e4 e6 2. Qe2 c5 3. d3 g6 4. g3 Bg7 5. Bg2 Nc6 6. f4 Nge7 7. Nc3 Nd4 8. Qf2 d5 9. Nf3 0-0 10. 0-0 Nec6 11. Nd1 Nxf3+ 12. Qxf3 d4 13. Nf2 Qc7 14. Bh3 f5 15. Kh1 Kh8 16. Bd2 Bd7 17. Rae1 Rae8 18. Re2 Nb4 19. a3 Nxc2 20. Rc1 Ba4 21. g4 Ne3 22. Bxe3 dxe3 23. Qxe3 fxg4 24. Bxg4 Qxf4 25. Qxf4 Rxf4 26. Kg2 Bd4 27. Bh3 Ref8 28. Ng4 Rf3 29. Rce1 Rxd3 30. Ne3 Bc6 31. Nc4 e5 32. Be6 Rdf3 33. Bd5 Bd7 34. Nd2 Rf2+ 35. Kg3 R8f4 0-1